000 02313nam a2200529 i 4500
001 53375
003 ES-MaCES
005 20250721141027.0
007 cr |||||||||||
008 241022s2024 sp || o000 | spa d
017 _aM 13495-2024
_bDL
020 _a9788434029323
024 7 _a117-21-005-9
_2nipo (MITES)
024 7 _a121-21-009-0
_2nipo (MISSMI)
024 7 _a144-24-124-8
_2nipo (AEBOE)
040 _aES-MaCES
_bspa
_cES-MaCES
245 0 0 _aGuía laboral [del] Ministerio de Trabajo y Economía Social [y], Ministerio de Inclusión, Seguridad Social y Migraciones 2024
_b: empleo, fomento del empleo (...) : [act. a 30 de abril de 2024]
_c[realizada por la Subsecretaría de Trabajo y Economía Social y Subsecretaría de Inclusión, Seguridad Social y Migraciones]]
260 _aMadrid
_bMinisterio de Trabajo y Economía Social (MITES)
260 _bMinisterio de Inclusión, Seguridad Social y Migraciones (MISSMI)
260 _bAgencia Estatal Boletín Oficial del Estado (AEBOE)
_c2024
300 _a1102 p.
_c23 cm
_e1 documento pdf (25,8 mb)
500 _aÍndices
541 _cCompra
650 4 _aempleo
_928299
650 4 _afomento del empleo
_930270
650 4 _aformación profesional
_927394
650 4 _acontratación
_928323
650 4 _anegociación colectiva
_928362
650 4 _arelaciones laborales
_928369
650 4 _aseguridad social
_927034
650 4 _aprestaciones por desempleo
_927043
650 4 _acotizaciones
_930106
650 4 _arégimen de pensión
_927042
650 4 _alegislación de seguridad social
_929855
650 4 _alegislación del trabajo
_927166
650 4 _aEspaña
_926964
650 7 _a2024
_941055
650 4 _aguía
_929262
653 1 0 _aRelaciones laborales-Empleo
710 1 _aEspaña
_bMinisterio de Trabajo y Economía Social
_eed.
_939731
710 2 _aEspaña
_bMinisterio de Inclusión, Seguridad Social y Migraciones
_eed.
_940056
710 2 _aBoletín Oficial del Estado (España)
_eed.
_91662
787 0 _tGuía laboral [del] Ministerio de Trabajo y Economía Social [y] Ministerio de Inclusión, Seguridad Social y Migraciones 2023
_w(ES-MaCES)52960
856 4 _uhttp://biblioteca.ces.es/repintra/B53375.pdf
_ytexto completo
_z[intranet]
902 _aLIB Libro
942 _2CES
_cBK
_h2.0.
999 _c53375
_d53375